Magnetopolymérne kompozity s magneticky mäkkým plnivom

Guardado en:
Detalles Bibliográficos
Autor principal: Baďura, Vojtech
Formato: Libro
Lenguaje:eslovaco
Publicado: Bratislava STU FCHPT 2012
Acceso en línea:Ver en el OPAC
Etiquetas: Agregar Etiqueta
Sin Etiquetas, Sea el primero en etiquetar este registro!

MARC

LEADER 00000nam a2200000 a 4500
005 20260127134216.0
008 120627 2012 xo 000 0 slo d
035 |a vtls010432748 
039 9 |a 201207131101  |b mschk03  |c 201206271103  |d mschk03  |y 201206271055  |z mschk03 
040 |a STUSCHK1  |b slo  |c STUSCHK1  |e AACR2 
100 1 |a Baďura, Vojtech 
245 1 |a Magnetopolymérne kompozity s magneticky mäkkým plnivom  |c Vojtech Baďura 
260 |a Bratislava  |b STU FCHPT  |c 2012 
300 |a 68 s.  |b il.  |c 30cm 
500 |a Obháj.: 5.6. 2012 
500 |a Študijný program: prírodné a syntetické polyméry 
500 |a Študijný odbor: 5.2.18 chemické technológie 
500 |a Miesto vypracovania: FEI STU, FCHPT STU - Oddelenie plastov a kaučuku 
500 |a Evidenčné číslo: FCHPT-13576-27619 
500 |a Diplomová práca 
910 |a SCHK95 
999 |c 6748  |d 6748